Statistics for Fill the World Map - Jump to Closest World Capital in a different Continent

Click here to take the quiz!

General Stats

  • This quiz has been taken 1,611 times
    (509 since last reset)
  • The average score is 49 of 196

Answer Stats

D (km) NORTH POLE % Correct
2,887 Reykjavik
100%
3,472 Algiers
62%
1,723 Ankara
48%
357 Tripoli
48%
1,002 Rome
48%
973 Tunis
48%
652 Andorra la Vella
48%
403 Valletta
48%
1,200 Nicosia
47%
749 Bucharest
47%
1,609 Skopje
46%
1,702 Amman
46%
1,764 Pristina
46%
1,524 Damascus
46%
599 Cairo
46%
423 Jerusalem
46%
1,442 Sofia
46%
1,255 Athens
46%
1,154 Beirut
46%
1,951 Tbilisi
45%
1,578 Kiev
44%
1,875 Baku
44%
1,470 Yerevan
44%
1,400 Chisinau
44%
2,642 Baghdad
43%
2,944 Minsk
43%
1,932 Moscow
43%
2,279 Astana
43%
2,251 Doha
41%
2,664 Abu Dhabi
41%
2,201 Kuwait City
41%
2,655 Mogadishu
41%
2,449 Addis Ababa
41%
1,793 Khartoum
41%
2,068 Asmara
41%
566 Sana'a
41%
1,498 Riyadh
41%
432 Djibouti
41%
2,231 Male
40%
3,219 Victoria
40%
4,248 Muscat
38%
3,211 Port Louis
38%
3,869 Colombo
38%
3,564 Juba
37%
4,545 Moroni
36%
2,380 Nouakchott
35%
3,034 Niamey
35%
2,741 Madrid
35%
561 LisbonLisbon
35%
2,475 Rabat
35%
3,111 Manama
35%
3,280 Tirana
35%
3,230 Ashgabat
33%
3,530 Tashkent
33%
2,863 Tehran
33%
2,800 Belgrade
33%
3,311 N'Djamena
33%
3,301 Vatican City
33%
3,822 Bishkek
32%
3,109 Vilnius
32%
3,827 Dushanbe
32%
3,386 Podgorica
32%
4,591 Islamabad
31%
4,714 Budapest
31%
4,268 Warsaw
31%
3,637 Riga
31%
4,259 Kabul
31%
3,862 Tallinn
31%
3,822 Helsinki
30%
3,748 Bamako
28%
3,996 Sarajevo
27%
3,894 Abuja
27%
3,981 San Marino
27%
3,581 Monaco
27%
4,342 Ouagadougou
27%
4,198 Paris
25%
4,507 Bern
25%
4,257 Dakar
25%
4,600 Zagreb
25%
4,374 Bangui
25%
4,543 Porto-Novo
24%
4,293 Banjul
24%
1,699 Bogota
23%
683 Kingstown
23%
772 Panama City
23%
4,563 Vaduz
23%
565 Georgetown
23%
4,311 Paramaribo
23%
702 Saint George's
23%
586 Caracas
23%
4,038 Praia
22%
4,510 Asuncion
22%
4,066 Roseau
22%
4,613 Lome
22%
4,683 Yaounde
22%
4,604 Ljubljana
22%
5,008 Bissau
22%
3,593 CastriesCastries
22%
1,025 Quito
22%
878 Port-of-Spain
22%
3,443 Brasilia
22%
2,552 Lima
22%
1,281 San Jose
22%
2,861 Managua
22%
4,145 Sucre
22%
4,984 Bratislava
21%
3,607 Bridgetown
21%
4,935 Vienna
21%
4,714 Saint John's
21%
5,615 Oslo
20%
4,807 Conakry
20%
4,919 Luxembourg
20%
4,980 Malabo
20%
4,998 Accra
20%
5,231 Dublin
19%
4,915 Ottawa
19%
5,135 Amsterdam
19%
5,306 Monrovia
19%
4,815 London
19%
4,968 Brussels
19%
4,919 Freetown
19%
4,962 Yamoussoukro
19%
2,377 Dili
18%
3,779 Honiara
18%
3,928 Port Moresby
18%
5,877 Ulaanbaatar
18%
5,189 Melekeok
18%
1,683 Manila
18%
5,884 Yaren
17%
5,646 Taipei
17%
6,111 Tarawa
17%
5,603 Seoul
17%
4,523 Majuro
17%
5,239 Bandar Seri Begawan
17%
4,788 Palikir
17%
3,701 Tokyo
17%
5,431 Nairobi
16%
6,352 Pyongyang
16%
5,576 New Delhi
15%
5,527 Libreville
15%
6,080 Prague
15%
6,625 Antananarivo
15%
7,256 Stockholm
15%
6,792 Dhaka
14%
5,387 Jakarta
14%
6,519 Canberra
14%
6,409 Kuala Lumpur
14%
6,383 KathmanduKathmandu
14%
5,790 Berlin
14%
6,512 Dodoma
14%
5,817 Sao Tome
14%
6,158 Copenhagen
14%
6,399 Kampala
14%
7,366 Singapore
13%
6,787 Port-Vila
13%
7,902 Lilongwe
12%
8,386 Harare
11%
8,654 Montevideo
11%
8,019Bangkok
11%
7,672Gitega
11%
7,152 Kigali
11%
7,597 Naypyidaw
11%
7,571 Thimphu
11%
6,191 Buenos Aires
10%
5,818 Basseterre
10%
5,679 Santiago
10%
5,546 Tegucigalpa
9%
9,378 Lusaka
9%
8,856 Maputo
9%
9,915 Brazzaville
9%
9,863 Port-au-Prince
9%
6,005 Santo Domingo
9%
9,618 Luanda
9%
8,716 Phnom Penh
9%
10,387 Kinshasa
8%
12,094 Kingston
8%
13,155 San Salvador
8%
11,886 Windhoek
8%
10,485 Nassau
8%
9,878 Vientiane
8%
8,378 Beijing
8%
9,461 Hanoi
8%
12,766 Gaborone
7%
11,892 Washington
7%
13,389 Pretoria
7%
13,787 Mbabane
7%
13,488 Belmopan
7%
8,908 Funafuti
7%
11,496 Maseru
7%
11,093 Apia
7%
9,086 Suva
7%
8,766 Mexico City
7%
9,420 Nuku'alofa
7%
11,460 Wellington
7%
10,058 Guatemala City
7%
13,089 Havana
7%

Score Distribution

Percentile by Number Answered

Percent of People with Each Score

Your Score History

You have not taken this quiz since the last reset